000 00539nam a2200205 a 4500
001 0001-1996
003 ELIB.Books
008 190528 2010 eng
020 _aKBTS
092 _a234.16
_bCro
100 _aCross, F. L
245 _aSt. Cyril of Jerusalem's Lectures on the Christian Sacraments
260 _aLondon
_bS.P.C.K
_c1951
300 _a83
_c18.7 Cm
650 _aFaith
856 _nKBTS Library
_uKBTS Elib
942 _2ddc
_cBK
998 _aEnglishbooks.elf
_ccat
_e2019-05-28
999 _c11996
_d11996